Culturas y estéticas contemporáneas /
Guardado en:
| Autor Principal: | |
|---|---|
| Otros Autores: | , |
| Formato: | Libro |
| Publicado: |
Avellaneda :
Maipue ,
2001
|
| Series: | Tierra cultivada
|
| Materias: | |
| Etiquetas: |
Agregar Etiqueta
Sin Etiquetas, Sea el primero en etiquetar este registro!
|
| LEADER | 01027nam a22002655a 4500 | ||
|---|---|---|---|
| 001 | CEM.cems010647 | ||
| 005 | 20080228083243.0 | ||
| 008 | 130507s2001##################000#0#####d | ||
| 003 | CEMS | ||
| 020 | |a 9879493001 | ||
| 082 | 0 | 4 | |a Z301.153 |
| 100 | 1 | |a Dilon, Armando D. | |
| 245 | 1 | 0 | |a Culturas y estéticas contemporáneas / |c Armando D. Dilon , Loretta Brass y María Eggers Lan |
| 260 | |a Avellaneda : |b Maipue , |c 2001 | ||
| 300 | |a 185 p. | ||
| 490 | 0 | |a Tierra cultivada | |
| 500 | |a Para 3º año Polimodal. | ||
| 505 | 0 | |a Introducción -- La cultura - El sistema cultural -- La producción estética -- La producción estética en el siglo XX -- Los lenguajes expresivos y la tecnología -- La producción estética contemporánea en su contexto histórico -- Cronología -- Bibliografía. | |
| 653 | |a Cultura | ||
| 653 | |a Estética | ||
| 653 | |a Lenguajes expresivos | ||
| 653 | |a Arte | ||
| 700 | 1 | |a Brass, Loretta | |
| 700 | 1 | |a Eggers Lan, María | |
| 859 | |a CEMS |b BIB. CEMS - 11 de abril |h Z301.153 |i D587 |p 21182.01 |t Ej.1 | ||
